| 000 | 00623nam a2200193 i 4500 | ||
|---|---|---|---|
| 001 | 184205 | ||
| 003 | ES-MaACL | ||
| 005 | 20250827062642.0 | ||
| 008 | 150507s1911 sp |||| | spa d | ||
| 110 | 1 |
_aEspaña _93622 |
|
| 245 | 1 | 0 | _aLey de Juntas de Obras de Puertos. |
| 260 |
_aMadrid : _b[s.n.], _c1911 ( _fImp. de Prudencio Pérez de Velasco) |
||
| 300 |
_a8 p. ; _c18 cm. |
||
| 490 | 1 | _aBiblioteca de la Revista de obras públicas | |
| 650 | 4 |
_aPuertos- _xDerecho- _zEspaña. _9156853 |
|
| 830 | 1 |
_aBiblioteca de la Revista de obras públicas _9184469 |
|
| 852 |
_aES-MaACL _jT-1388-F-5 |
||
| 999 |
_c184205 _d184205 |
||